| 000 | 00743nam a2200241 a 4500 | ||
|---|---|---|---|
| 001 | 000020854 | ||
| 005 | 20200930011158.0 | ||
| 008 | 100818s1977 mx 000 0 spa d | ||
| 040 |
_aDO-SdBNP _bspa _cBNPHU |
||
| 082 |
_a234.166 _bR864c, 1977 |
||
| 100 | 1 |
_aRousseau, Jean-Jacques, _d1712-1778 _95447 |
|
| 245 | 1 | 4 |
_aLas confesiones / _cJ. J. Rousseau ; estudio preliminar por Jorge Zalamea ; traducción de Rafael Urbano. |
| 250 | _a10a ed. | ||
| 260 |
_aMéxico : _bCumbre, _c1977. |
||
| 300 |
_axxvi, 1-604 p. ; _c21 cm. |
||
| 490 | 1 | _aLos clásicos | |
| 650 | 4 |
_aCredos _943716 |
|
| 650 | 4 |
_aReligiones _94283 |
|
| 650 | 4 |
_aSectas _943717 |
|
| 700 | 1 |
_aUrbano, Rafael, _etr. _943718 |
|
| 830 | 0 |
_aLos clásicos _943697 |
|
| 049 | _aBNGR | ||
| 999 |
_c20357 _d20357 |
||